000 00298nam a22001337a 4500
003 NALT
005 20230309165954.0
008 230309b th ||||| |||| 00| 0 tha d
040 _aNALT
245 _aTEST Punsarn
850 _aNALT
942 _2lcc
_cCD
996 _ajamriang.p
_bLIBSTF
_c2023-03-09
999 _c101499
_d101499
998 _h2
_j2
_k punsarn